|
|
|
|
| LEADER |
00000cam a2200000 7i4500 |
| 001 |
0000000599 |
| 005 |
20000911.0 |
| 020 |
0 |
0 |
|a 9679783855
|
| 090 |
0 |
0 |
|a 349.595
|b HIC 1991
|
| 100 |
1 |
0 |
|a HICKLINGhR. H.
|
| 245 |
1 |
0 |
|a Essays in Malaysian law
|c R. H. Hickling
|
| 260 |
0 |
0 |
|a Petaling Jaya, Selangor :
|b Pelanduk Pub. ,
|c 1991
|
| 300 |
|
|
|a 273 p. ;
|c 22 cm.
|
| 500 |
0 |
0 |
|a Includes bibliographical references
|
| 650 |
0 |
0 |
|a Law
|z Malaysia
|x History and criticism
|
| 650 |
0 |
0 |
|a Malaysia
|x Constitutional history
|
| 650 |
0 |
0 |
|a Malaysia
|x Constitutional law
|
| 999 |
|
|
|a 0000001884
|b Monograph
|c Open Shelf
|e Default branch
|